000 00801cam a2200229 4500
008 090401t1998 xxu||||| |||| 00| 0 eng d
020 _a0419221700
035 _a(Sirsi) u86965
041 _aeng
050 _a693.892
100 _aBrookes, Alan J.
245 _aCladding of buildings.
250 _a3rd ed.
260 _aLondon
_bE & F N Spon
_c1998
300 _aix,180p. : ill. ; 22cm.
350 _a27.5
520 _aThis overview of lightweight claddings in buildings is aimed at students and new practitioners. Covers the main types of cladding systems in detail and explains methods of production, performance characteristics, applications and methods of assembly.
650 _aCLADDING
690 _aBUILT ENVIRONMENT-CONSTRUCTION DESIGN
942 _n0
948 _c23/06/1998
999 _c97195
_d97195